Mister Johnson / (Record no. 76617)
[ view plain ]
| 000 -LEADER | |
|---|---|
| fixed length control field | 00699nam a2200241 a 4500 |
| 001 - CONTROL NUMBER | |
| control field | 76617 |
| 003 - CONTROL NUMBER IDENTIFIER | |
| rucl marc code | BD-RjUL |
| 005 - DATE AND TIME OF LATEST TRANSACTION | |
| control field | 20211209082850.0 |
| 008 - FIXED-LENGTH DATA ELEMENTS--GENERAL INFORMATION | |
| fixed length control field | 000000s1962 nyu 000 1 eng |
| 035 ## - SYSTEM CONTROL NUMBER | |
| System control number | mrg90-675032 |
| System control number | (BD-RjUL)76841 |
| System control number | OCLC ocm21488582 from D950502M |
| 040 ## - CATALOGING SOURCE | |
| Original cataloging agency | BRL |
| Transcribing agency | BRL |
| Modifying agency | EQO |
| -- | BD-RjUL |
| Language of cataloging | eng |
| 041 ## - LANGUAGE CODE | |
| Language code of text/sound track or separate title | eng |
| 082 ## - DEWEY DECIMAL CLASSIFICATION NUMBER | |
| Edition number | 23 |
| Classification number | 823.912 |
| Author mark and year | CAM 1962 |
| 100 1# - MAIN ENTRY--PERSONAL NAME | |
| Personal name | Cary, Joyce, |
| Dates associated with a name | 1888-1957. |
| 9 (RLIN) | 236920 |
| 245 10 - TITLE STATEMENT | |
| Title | Mister Johnson / |
| Statement of responsibility, etc. | by Joyce Cary |
| 250 ## - EDITION STATEMENT | |
| Edition statement | Time reading program special ed |
| 260 ## - PUBLICATION, DISTRIBUTION, ETC. (IMPRINT) | |
| Place of publication, distribution, etc. | New York : |
| Name of publisher, distributor, etc. | Time inc, |
| Date of publication, distribution, etc. | 1962. |
| 300 ## - PHYSICAL DESCRIPTION | |
| Pagination | xv, 300 p. ; |
| Size | 21 cm. |
| 650 ## - SUBJECT ADDED ENTRY--TOPICAL TERM | |
| Topical term or geographic name as entry element | Fiction in English, |
| General subdivision | 1900-1945 - Texts |
| 9 (RLIN) | 236921 |
| 942 ## - ADDED ENTRY ELEMENTS (KOHA) | |
| Source of classification or shelving scheme | Dewey Decimal Classification |
| Koha item type | Books |
| Lost status | Source of classification or shelving scheme | Damaged status | Not for loan | Collection code | Permanent Location | Current Location | Shelving location | Date acquired | Total Checkouts | Full call number | Date last seen | Copy number | Koha item type |
|---|---|---|---|---|---|---|---|---|---|---|---|---|---|
| Dewey Decimal Classification | Not For Loan | Non-fiction | Central Library, University of Rajshahi | Central Library, University of Rajshahi | Reading Room | 20/04/1965 | 823.912 CAM 1962 | 26/12/2019 | C-1 | Books |